|
|
|
|
| LEADER |
00000cam a2200000 7i4500 |
| 001 |
0000046194 |
| 005 |
20150408.0 |
| 008 |
150310 |
| 020 |
|
|
|a 9789833763276
|
| 020 |
|
|
|a 9789833763337 (set)
|
| 090 |
0 |
0 |
|a MOR
|b MAL
|
| 100 |
0 |
|
|a Suraidah Hj.Buderi
|
| 245 |
1 |
0 |
|a Tidak Dapat Menerima Kekalahan
|c Suraidah Hj.Buderi
|
| 260 |
|
|
|a Negeri Sembilan :
|b KZ Berjaya Enterprise ,
|c 2008
|
| 490 |
0 |
|
|a Siri Bina Sahsiah
|
| 999 |
|
|
|a 0001093788
|b Book
|c Children Collection
|e Cawangan Segamat
|
| 999 |
|
|
|a 0001093804
|b Book
|c Children Collection
|e Cawangan Taman Sri Lambak
|
| 999 |
|
|
|a 0001093812
|b Book
|c Children Collection
|e Cawangan Bukit Gambir
|
| 999 |
|
|
|a 0001093820
|b Book
|c Children Collection
|e Cawangan Tangkak
|
| 999 |
|
|
|a 0001093836
|b Book
|c Children Collection
|e Cawangan Tmn. Ungku Tun Aminah
|
| 999 |
|
|
|a 0001093844
|b Book
|c Children Collection
|e Cawangan Taman Universiti
|
| 999 |
|
|
|a 0001093868
|b Book
|c Children Collection
|e Cawangan Pontian
|
| 999 |
|
|
|a 0001093876
|b Book
|c Children Collection
|e Cawangan Bandar Penawar
|
| 999 |
|
|
|a 0001093892
|b Book
|c Children Collection
|e Cawangan Segamat
|
| 999 |
|
|
|a 0001093900
|b Book
|c Adult Collection
|e Cawangan Mersing
|
| 999 |
|
|
|a 0001093908
|b Book
|c Children Collection
|e Cawangan Bukit Gambir
|
| 999 |
|
|
|a 0001093916
|b Book
|c Children Collection
|e Cawangan Taman Sri Lambak
|
| 999 |
|
|
|a 0001093924
|b Book
|c Children Collection
|e Cawangan Tangkak
|
| 999 |
|
|
|a 0001093940
|b Book
|c Children Collection
|e Cawangan Taman Universiti
|
| 999 |
|
|
|a 0001093956
|b Book
|c Children Collection
|e Cawangan Bandar Tenggara
|
| 999 |
|
|
|a 0001093980
|b Book
|c Children Collection
|e Cawangan Bandar Penawar
|
| 999 |
|
|
|a 0001093988
|b Book
|c Children Collection
|e Cawangan Mersing
|
| 999 |
|
|
|a 0001094004
|b Book
|c Children Collection
|e Cawangan Kota Tinggi
|
| 999 |
|
|
|a 0001094020
|b Book
|c Children Collection
|e Cawangan Bandar Penawar
|
| 999 |
|
|
|a 0001094028
|b Book
|c Children Collection
|e Cawangan Segamat
|
| 999 |
|
|
|a 0001094052
|b Book
|c Children Collection
|e Cawangan Tangkak
|
| 999 |
|
|
|a 0001094068
|b Book
|c Children Collection
|e Cawangan Taman Universiti
|
| 999 |
|
|
|a 0001094076
|b Book
|c Children Collection
|e Cawangan Tmn. Ungku Tun Aminah
|
| 999 |
|
|
|a 0001094092
|b Book
|c Children Collection
|e Cawangan Mersing
|
| 999 |
|
|
|a 0001094100
|b Book
|c Children Collection
|e Cawangan Pontian
|
| 999 |
|
|
|a 0001094108
|b Book
|c Children Collection
|e Cawangan Kota Tinggi
|
| 999 |
|
|
|a 0001094116
|b Book
|c Children Collection
|e Cawangan Bandar Penawar
|
| 999 |
|
|
|a 0001094140
|b Book
|c Children Collection
|e Cawangan Pontian
|
| 999 |
|
|
|a 0001094148
|b Book
|c Children Collection
|e Cawangan Mersing
|
| 999 |
|
|
|a 0001094180
|b Book
|c Children Collection
|e Cawangan Tangkak
|
| 999 |
|
|
|a 0001094196
|b Book
|c Children Collection
|e Cawangan Taman Universiti
|
| 999 |
|
|
|a 0001094204
|b Book
|c Children Collection
|e Cawangan Bandar Penawar
|